Transferencias del sector público a la infancia y la vejez en el Uruguay, 1994-2006 (Registro nro. 33377)

Detalles MARC
000 -LEADER
fixed length control field 00447 a2200133 4500
001 - CONTROL NUMBER
control field ART_44818
005 - DATE AND TIME OF LATEST TRANSACTION
control field 20260410162024.0
008 - FIXED-LENGTH DATA ELEMENTS--GENERAL INFORMATION
fixed length control field 260409a
100 1# - MAIN ENTRY--PERSONAL NAME
Personal name Bucheli, Marisa
245 10 - TITLE STATEMENT
Title Transferencias del sector público a la infancia y la vejez en el Uruguay, 1994-2006
700 1# - ADDED ENTRY--PERSONAL NAME
Personal name González, Cecilia
700 1# - ADDED ENTRY--PERSONAL NAME
Personal name Olivieri, Cecilia
773 0# - HOST ITEM ENTRY
Title Notas de población
Related parts - Año XXXVII, Nº 90 (ene./jun. 2010)
Record control number REV41841

No hay ítems disponibles.